1760 1909 1315 1612 1335 1572 1606 1974 1081 1345 1373 1537 1457 1498 1077 1311 1907 1937 1076 1476 1118 1441 1599 1715 1636 1692 1190 1015 1716 1359 1287 1630 1890 1416 1114 1377 1939 1959 1233 1217 1733 1879 1138 1571 1406 1648 1600 1888 1844 1455 1196 1191 1650 1673 1823 1753 1800 1479 1524 1793 1980 1625 1718 1067 1817 1520 1354 1147 1862 1887 1710 1240 1269 1448 1769 1724 1681 1327 1861 1961 1918 1690 1192 1275 1657 1739 1801 1877 1699 1864 1566 1215 1937 1646 1938 1475 1087 1126 1001 BCNSPRNW ULIB Ver.6.0+V

เปลี่ยนเป็นภาษาไทย

Change to English
 แสดงรายละเอียดบรรณานุกรม
  กลับหน้าหลัก

Brief Record : Get Marc (ISO 2709) : E-mail record : QR code < ปิดหน้าต่าง
LEADER : 00000nam 2200000uu 4500
001    13399112154
003     ULIB
008    110627s2552||||th 000 0 tha d
020    9786165020152
090    นว.^bธ524ป 2552
100 0  ธาราภัส
245 00 ประกาศิตพิศวาส/^cธาราภัส
250    พิมพ์ครั้งที่ 1
260    กรุงเทพฯ :^bSugar Beat,^c2552
300    434 หน้า
710 1  Sugar Beat
945    ^p270^l0^i026737
995    ทศพร
999 ^a ใช้งานได้ทุกระบบ
รายการนี้ยังไม่มีแท็ก
คุณยังไม่ได้ล็อกอิน คุณสามารถมีกิจกรรมร่วมกับเว็บไซต์ได้ แต่ต้องล็อกอินก่อน ::
  ล็อกอิน

รายการสื่อสารสนเทศ

ลำดับที่ ประเภท เลขเรียก/บาร์โค้ด สถานที่ สถานะ
- ไม่พบข้อมูล -

BibComment


ยังไม่เคยถูกคอมเมนท์

คอมเมนท์ทรัพยากรรายการนี้
  คอมเมนท์: ประกาศิตพิศวาส ธา..


 Copyright 2026. Bcnsprnw @Library